| 000 | 00494nam a2200157 a 4500 | ||
|---|---|---|---|
| 001 | 000029626 | ||
| 005 | 20200930055703.0 | ||
| 008 | 110419s2002 dr ad 000 0 spa d | ||
| 040 |
_aDO-SdBNP _bspa _cBNPHU |
||
| 245 | 0 | 0 |
_aInventario nacional de caficultores / _ccololaboradores Corolina Lucía Montero. |
| 260 |
_aSanto Domingo : _bCODOCAFE, _c2002. |
||
| 300 |
_a21 p. ; _c28 cm. |
||
| 700 | 1 |
_aMontero, Carolina Lucía _956441 |
|
| 710 | 2 |
_aConsejo Dominicano del Cafe _922979 |
|
| 049 | _aBNPD | ||
| 999 |
_c29118 _d29118 |
||